|
|
|
|
| LEADER |
00000cam a2200000 a 4500 |
| 001 |
57726 |
| 003 |
Ucuenca |
| 005 |
20230308161357.0 |
| 008 |
974081|1969 bl |||||r|||||||||||spa|| |
| 040 |
|
|
|b spa
|
| 041 |
1 |
|
|a spa
|
| 082 |
0 |
|
|a Br869.4
|
| 100 |
1 |
|
|a Guimaraes Rosa, Joao
|d 1908-1967
|9 6088
|
| 245 |
|
|
|a Primeras historias
|c Joao Guimaraes Rosa
|h imp
|
| 264 |
|
|
|a Barcelona
|b Barcelona
|c 1969
|
| 300 |
|
|
|a 252 páginas:
|c 20 cm
|
| 650 |
|
0 |
|a Literatura brasileña
|9 1646
|
| 650 |
|
0 |
|a Novela
|9 431
|
| 852 |
|
|
|a UC-CDJBV
|f Compra
|k npena
|l 1
|m General
|p 19740812
|q 112,00
|r 8
|t 57726
|b 0
|d CDRC
|e CDRC
|g Br869.4 TERCER PISO
|z 1974-40-81
|
| 942 |
|
|
|c BK
|
| 999 |
|
|
|c 14290
|d 14290
|